000 00581nam a2200181 i 4500
001 185126
003 ES-MaACL
005 20250903084344.0
008 160323s1909 xxk |||| | eng d
110 2 _aBernard Quaritch (Firma)
_9159203
245 1 2 _aA catalogue of the publications and remaindres /
_cof Bernard Quaritch.
260 _aLondon :
_bBernard Quaritch,
_c1909.
300 _a141 p. ;
_c21 cm.
650 7 _aCatálogos de editores-
_yS.XX
_2
_9169795
650 7 _aCatálogos de editores-
_yS.XX
_2
_9169795
852 _aES-MaACL
_j1517-F-2
999 _c185126
_d185126